00668nam a2200241 a 4500001001300000003000900013005001700022008004100039020001000080082001500090100002000105245003800125260002200163300000800185500003500193505001900228650003400247700002000281902000800301942000700309952009500316999001500411nice12345678IN_TiNIC20260116011842.0050524s1928 egya grs 000 0 03g  ac10000a227.4bGAI aGairdner, W H T aTafseer Risala-E-Agk-E-Ghalatiya. aEgyptbSpckc1928 a53p aincludes index and biblioraphy2 aReserve copies aBible N.T. Epistles Galatians1 aGairdner, W H T bRBA cPS 00104070aHMIbHMId2007-06-21g100.00l0o227.4 GAIp5169r2007-06-21w2026-01-16yARB c4443d4443